00949nac a22002537a 4500001001000000003000900010005001700019008003400036040005400070072001800124100002200142110009900164245013300263260003600396300001000432490011600442500001700558650002300575650002100598650001300619650001200632650002300644650002800667BR8002596BR-BrBNA20240105114656.0230509b bl.|||m| |||| 00| 0 por d aBR-BrBNAbporcBiblioteca Nacional de Agricultura aP05; F00; A501 aGorgatti Neto, A.1 aEmpresa Brasileira de Pesquisa Agropecuaria, Brasilia, DF. Depto. de Informacao e Documentacao1 aA atuacao da EMBRAPA nos setores prioritarios de energia, sementes e agroindustria [Empresa Brasileira de Pesquisa Agropecuaria]3 aBrasilia, DF (Brasil): c1980.  a11 p. aDocumentos - Empresa Brasileira de Pesquisa Agropecuaria. Depto. de Informacao e Documentacao (Brazil)vno. 7x aSummary (Pt) aRecurso energetico aProducao vegetal aPesquisa aSemente aIndustria agricola aInstituicao de pesquisa